| 000 | 00646nam a22001937a 4500 | ||
|---|---|---|---|
| 005 | 20171212160253.0 | ||
| 010 | _aENG-121858 | ||
| 020 |
_a9789380361895 _c495.00 |
||
| 035 | _aEN-105390 | ||
| 037 | _bDBAD/PUB | ||
| 082 | _a954.083 | ||
| 245 |
_aTravails of 1857 : _ctranslated and edited by Sukhmani Roy _ba translation of Vishnubhatji Godse's Majha Pravas / |
||
| 260 |
_aPune _bRohan Prakashan _c2012 |
||
| 270 |
_aDhawalgiri,shop 5 & 6 ,430 shaniwar peth, opp. police chowki _bPune _e411030 |
||
| 300 |
_a335p. _c22cm (Hb) |
||
| 505 | _a Includes glossary | ||
| 700 | _aRoy, Sukhmani | ||
| 942 |
_2ddc _cEN _h954.083 _mTRA |
||
| 999 |
_c147947 _d147947 |
||